00406nam a2200169Ia 450000500170000000800410001702000180005804100120007608200150008810000190010324500220012225000080014426000270015250000080017965000340018770000150022120240823045124.0240823s9999||||xx |||||||||||||| ||und|| a81-87721-50-2 aENGLISH A621.317 P5 aGnanavadivel J 0aPower Electronics a2nd c2005bAnuradha Publica aYES aPower ElectronicsbElectrical a Malathy V